Búcsú Juhász Gyula húgától
Elmentve itt :
| Szerző: | |
|---|---|
| Dokumentumtípus: | Cikk |
| Megjelent: |
1976-05-20
|
| Sorozat: | Délmagyarország
66 No. 118 |
| Kulcsszavak: | Juhász Gyula, Király-König Péterné Juhász Margit |
| Online Access: | http://dmarchiv.bibl.u-szeged.hu/95201 |
| LEADER | 00494nab a2200157 i 4500 | ||
|---|---|---|---|
| 001 | delm95201 | ||
| 005 | 20190506102227.0 | ||
| 008 | 190506s1976 hu o 0|| hun d | ||
| 040 | |a SZTE Délmagyarország Archívum |b hun | ||
| 041 | |a hun | ||
| 100 | 1 | |a Péter László | |
| 245 | 1 | 0 | |a Búcsú Juhász Gyula húgától |h [elektronikus dokumentum] / |c Péter László |
| 260 | |c 1976-05-20 | ||
| 300 | |a 5 | ||
| 490 | 0 | |a Délmagyarország |v 66 No. 118 | |
| 695 | |a Juhász Gyula, Király-König Péterné Juhász Margit | ||